Country Russian Roulette Quiz Stats

 Plays Quiz Updated Feb 13, 2019

Challenge
Share
Tweet
Embed
Score 0/186 Timer 15:00
8 Plays Today
Countries % Correct
78???
49.6%
82???
44.7%
63???
29.1%
126???
28.4%
4???
28.1%
40???
27.6%
154???
27%
18???
26.7%
37???
26.6%
69???
26.4%
16???
25.4%
158???
25.3%
66???
25.3%
71???
24.7%
30???
24.6%
52???
24.6%
96???
24.6%
45???
24.5%
134???
23.8%
177???
23.4%
181???
23.2%
44???
23.1%
50???
23%
19???
22.9%
148???
22.2%
164???
22.1%
128???
22%
116???
21.9%
178???
21.9%
105???
21.7%
112???
21.5%
21???
21.4%
124???
21.1%
87???
21%
38???
20.8%
97???
20.6%
32???
20.4%
51???
20.3%
90???
20.1%
15???
19.9%
149???
19.6%
176???
19.1%
86???
19.1%
166???
18.9%
53???
18.8%
47???
18.8%
131???
18.7%
161???
18.7%
1???
18.7%
79???
18.6%
139???
18.6%
123???
18.1%
25???
18.1%
151???
18%
146???
17.5%
168???
17.1%
5???
17.1%
99???
16.9%
108???
16.9%
122???
16.8%
41???
16.6%
163???
16.6%
Countries % Correct
132???
16.4%
28???
16.3%
24???
16.2%
160???
16.1%
175???
15.8%
138???
15.7%
144???
15.4%
135???
15.3%
180???
15.2%
75???
15.1%
64???
15.1%
91???
15%
92???
14.8%
162???
14.8%
2???
14.6%
80???
14.5%
127???
14.5%
72???
14.4%
110???
14.4%
171???
14.3%
89???
14.3%
95???
14.1%
100???
14.1%
9???
14%
182???
13.9%
150???
13.9%
93???
13.8%
31???
13.8%
125???
13.7%
26???
13.6%
8???
13.4%
153???
13.4%
120???
13.3%
147???
13%
70???
13%
170???
12.9%
115???
12.7%
155???
12.6%
10???
12.4%
85???
12.4%
103???
12.4%
133???
12.4%
35???
12.2%
61???
12.1%
59???
12%
136???
12%
184???
11.8%
6???
11.7%
73???
11.7%
167???
11.7%
14???
11.6%
68???
11.6%
67???
11.6%
137???
11.5%
118???
11.5%
42???
11.5%
11???
11.4%
81???
11.4%
98???
11.3%
77???
11.3%
101???
11%
130???
10.9%
Countries % Correct
141???
10.8%
39???
10.8%
62???
10.8%
104???
10.8%
143???
10.8%
83???
10.8%
22???
10.8%
7???
10.7%
129???
10.7%
23???
10.7%
12???
10.7%
49???
10.5%
184???
10.4%
55???
10.2%
119???
10.3%
74???
10.2%
17???
10.1%
76???
10%
145???
9.9%
13???
9.9%
169???
9.8%
56???
9.7%
111???
9.5%
43???
9.5%
60???
9.4%
58???
9.4%
107???
9.4%
88???
9.4%
185???
9.3%
173???
9%
57???
8.9%
113???
8.8%
179???
8.8%
48???
8.8%
33???
8.8%
165???
8.7%
54???
8.7%
36???
8.5%
142???
8.2%
109???
8%
102???
7.7%
152???
7.7%
159???
7.7%
46???
7.4%
140???
7.2%
BANG!???
7.1%
3???
7.1%
65???
7%
106???
7%
117???
6.9%
157???
6.9%
27???
6.8%
114???
6.8%
121???
6.8%
20???
6.5%
29???
6.5%
84???
6.5%
94???
6.2%
172???
6.1%
34???
5.9%
174???
5.4%
156???
5.4%

You're not logged in!

Compare scores with friends on all Sporcle quizzes.
OR
Log In

You Might Also Like...

Show Comments

Extras

Top Quizzes Today


Score Distribution

Your Account Isn't Verified!

In order to create a playlist on Sporcle, you need to verify the email address you used during registration. Go to your Sporcle Settings to finish the process.

Report this User

Report this user for behavior that violates our Community Guidelines.

Details: